00707nam a2200169 a 4500008004100000020003200041040002500073041001300098044001100111080001200122100002400134245015400158260007200312500002500384700004800409700008000457951214s1985||||[C 0 slo c c29 Kčs. q(10000 výtl.) aSNKbslocSNKeAACR21 aslohslo axocSK a885.4-31 aLenčo, Ján4aut10aŽena medzi kráľmicJán Lenčo ; Katarína Ševellová-Šuteková, Katarína pozri Ševelová-Šuteková Šuteková-Ševellová aBratislavabSlovenský spisovateľc1985eMartinfTlačiarne SNP aRozlož. tit. list.1 aŠevellová-Šuteková, Katarína4bkd1 aŠuteková-Ševellová, Katarína pozri Ševelová-Šuteková4bkd